Networking Ports (#) - Statistics

General Stats
  • This quiz has been taken 14 times
  • The average score is 15 of 47
Answer Stats
Port Protocol % Correct
23 Telnet
100%
20 FTP data
89%
21 FTP control
89%
22 SSH
89%
80 HTTP
89%
443 HTTPS
78%
25 SMTP
67%
53 DNS
67%
67 DHCP server
67%
68 DHCP client
67%
110 POP3
56%
123 NTP
56%
143 IMAP
44%
3389 RDP
44%
69 TFTP
44%
443 SSL
33%
389 LDAP
22%
445 SMB/CIFS
22%
4500 NAT-T
22%
5060 SIP
22%
5061 SIP Secure (SIPS)
22%
548 AFP
22%
636 LDAPS
22%
989 FTPS (implicit) data
22%
990 FTPS (implicit) control
22%
119 NNTP
11%
137 NetBIOS (NetBT) name service
11%
138 NetBIOS (NetBT) datagram service
11%
139 NetBIOS (NetBT) session service
11%
161 SNMP Agent
11%
162 SNMP Manager
11%
1701 L2TP
11%
1720 H.323
11%
1723 PPTP
11%
1812 RADIUS Authentication & Authorization
11%
1813 RADIUS Accounting
11%
2427 MGCP
11%
427 SLP
11%
465 SMTPS
11%
49 TACACS
11%
50 IPSec ESP
11%
500 IPSec IKE
11%
5004 RTP data
11%
5005 RTP Control (RTCP)
11%
51 IPSec AH
11%
993 IMAPS
11%
995 POP3S
11%
No matching quizzes found
Score Distribution
Percent of People with Each Score
Percentile by Number Answered
Your Score History
You have not taken this quiz